000 00762nam a22002417a 4500
005 20200104041800.0
008 170926s2009 sp ||||| |||| 00| 0 spa d
020 _a9788430574810
040 _aCO-BoIAVH
_cCO-BoIAVH
041 _aspa
044 _asp
090 _aI-SUS
_b02
100 _aMurphy, Glenn
245 1 3 _aEl cambio climático:
_b¿qué podemos hacer?
260 _aMadrid:
_bSusaeta ediciones,
_c2009.
300 _a64 páginas
_bfotografías a color, ilustraciones
_c28 x 22cm
650 1 4 _aLiteratura infantil
650 1 4 _aRecursos naturales
_vConservación
650 1 4 _aEducación ambiental
650 1 4 _aBosques
_vConservación
650 1 4 _aOcéanos
_vConservación
942 _2z
_cLIBRO
_01
999 _c19876
_d19876